Biblioteca Parlamentaria
Catálogo en línea

Auditoria interna y su influencia en el control contable en la empresa Rodson Music (Registro nro. 48247)

000 -CABECERA
Campo de control interno nam a22 7a 4500
005 - FECHA Y HORA DE LA CATALOGACION
Campo de control 20230328091822.0
008 - ELEMENTOS DE LONGITUD FIJA - INFORMACION
Elementos de Longitud Fija - Informaci 200414b xxu||||| |||| 00| 0 eng d
040 ## - ORIGEN DE LA CATALOGACION
Origen de la Catalogación ANE
041 ## - CODIGO DE LENGUAJE
Código de lenguaje del texto Es
100 ## - AUTOR PERSONAL
Autor Personal Cumpa Bello, Magaly Del Rocio
245 ## - TÍTULO GENERAL
Título Auditoria interna y su influencia en el control contable en la empresa Rodson Music
Mención del autor Cumpa Bello, Magaly Del Rocio
260 ## - EDITORIAL
Ciudad Perù
Fecha 2018
300 ## - DESCRIPCION
Número de páginas 66 p.
650 ## - DESCRIPTORES - TEMAS
Temas - Descriptores Auditoria Interna
650 ## - DESCRIPTORES - TEMAS
Temas - Descriptores Control Contable
650 ## - DESCRIPTORES - TEMAS
Temas - Descriptores Contabilidad
856 ## - URL - Ubicaci
URI/URL http://documentacion.asambleanacional.gob.ec/alfresco/d/d/workspace/SpacesStore/eff1ab3a-a2d6-432c-9da7-2f9a00401275/AUDITORIA%20INTERNA%20Y%20SU%20INFLUENCIA%20EN%20EL%20CONTROL%20CONTABLE.pdf
942 ## - ELEMENTOS DE KOHA
Esquema de Clasificaci
Tipo de Documento Biblioteca Virtual
Catalogador Nr.
Existencias
Withdrawn status Lost status Fuente de Clasificaci Damaged status Not for loan Ubicaci Biblioteca Fecha de Adquisición Vía de adquisición Signatura Topogr Código de barras Date last seen Price effective from Tipo de Item
          Biblioteca Asamblea Nacional Biblioteca Asamblea Nacional 2020-04-14 Donación TESIS 0196 2020-04-14 2020-04-14 Biblioteca Virtual
Dirección: Av. 6 de Diciembre y Piedrahita | Quito - Ecuador
Teléfonos: 593-23991000 Ext: 1147/1148
Correo:
archivo.biblioteca@asambleanacional.gob.ec

Soporte: FusionSolutions Cia. Ltda
archivobiblioteca white

Con tecnología Koha